[Event "ODJM A 2019"]
[Site "Willingen GER"]
[Date "2019.06.11"]
[Round "4"]
[White "Schimnatkowski, Lukas"]
[Black "Kotyk, Michael"]
[Result "0-1"]
[Termination "normal"]
[Board "10"]
[WhiteElo "2128"]
[BlackElo "1966"]
[WhiteClock "00:14:45"]
[BlackClock "00:11:36"]
[PlyCount "144"]
[WhiteFideId "12936723"]
[BlackFideId "16214501"]
[EventCountry "GER"]
[EventRounds "9"]
[EventType "swiss"]
[EventDate "2019.06.08"]

1. e4 {[%clk 1:30:55]} 1... e5 {[%clk 1:30:41]} 2. Nf3 {[%clk 1:31:10]} 2...
Nc6 {[%clk 1:30:58]} 3. c3 {[%clk 1:31:24]} 3... d5 {[%clk 1:31:24]} 4. Qa4 {
[%clk 1:31:44]} 4... f6 {[%clk 1:31:46]} 5. Bb5 {[%clk 1:31:52]} 5... Qd6 {
[%clk 1:32:00]} 6. exd5 {[%clk 1:30:48]} 6... Qxd5 {[%clk 1:32:23]} 7. Bxc6+ {
[%clk 1:29:04]} 7... bxc6 {[%clk 1:21:39]} 8. O-O {[%clk 1:27:49]} 8... Bd6 {
[%clk 1:21:40]} 9. c4 {[%clk 1:23:51]} 9... Qc5 {[%clk 1:20:25]} 10. d3 { [%clk
1:17:24]} 10... Qb6 {[%clk 1:06:22]} 11. Be3 {[%clk 1:13:45]} 11... Bc5 { [%clk
1:02:55]} 12. Bxc5 {[%clk 1:12:39]} 12... Qxc5 13. Re1 {[%clk 1:04:40]} 13...
Kf7 {[%clk 0:59:25]} 14. Nc3 {[%clk 1:04:09]} 14... Ne7 {[%clk 0:55:22]} 15.
Rad1 {[%clk 1:01:55]} 15... Rd8 {[%clk 0:53:15]} 16. Ne4 {[%clk 0:46:56]} 16...
Qb6 {[%clk 0:53:35]} 17. Qa3 {[%clk 0:45:06]} 17... Nf5 18. Ng3 { [%clk
0:32:55]} 18... Nxg3 {[%clk 0:40:05]} 19. hxg3 {[%clk 0:33:19]} 19... c5 {[%clk
0:40:17]} 20. Rc1 {[%clk 0:22:56]} 20... Qb4 {[%clk 0:21:46]} 21. Rc3 { [%clk
0:21:26]} 21... Bf5 {[%clk 0:22:04]} 22. Re3 {[%clk 0:21:40]} 22... Rdb8 {[%clk
0:20:20]} 23. Re2 {[%clk 0:20:23]} 23... a5 {[%clk 0:18:14]} 24. Rb3 { [%clk
0:19:58]} 24... Qxa3 {[%clk 0:18:43]} 25. Rxa3 {[%clk 0:20:21]} 25... a4 {[%clk
0:19:07]} 26. Kf1 {[%clk 0:19:05]} 26... g5 {[%clk 0:14:38]} 27. Rc2 { [%clk
0:15:42]} 27... Rb4 {[%clk 0:14:25]} 28. Ke1 {[%clk 0:14:58]} 28... Rab8 {[%clk
0:12:15]} 29. Kd2 {[%clk 0:15:09]} 29... Bd7 {[%clk 0:09:42]} 30. Kc3 { [%clk
0:14:13]} 30... Bc6 {[%clk 0:09:22]} 31. g4 {[%clk 0:09:12]} 31... Bd7 { [%clk
0:08:17]} 32. Nh2 {[%clk 0:09:24]} 32... Rh8 33. f3 {[%clk 0:09:03]} 33... h5
{[%clk 0:05:44]} 34. gxh5 {[%clk 0:09:29]} 34... Rxh5 {[%clk 0:06:02]} 35. Nf1
{[%clk 0:09:56]} 35... f5 {[%clk 0:04:48]} 36. Ng3 {[%clk 0:08:38]} 36... Rh2
{[%clk 0:04:45]} 37. b3 {[%clk 0:08:19]} 37... Kf6 {[%clk 0:04:05]} 38. Rd2
{[%clk 0:07:23]} 38... Ke6 {[%clk 0:02:04]} 39. Rf2 {[%clk 0:07:18]} 39... Rh8
{[%clk 0:01:30]} 40. Ne2 {[%clk 0:05:49]} 40... Rh4 {[%clk 0:00:44]} 41. g3
{[%clk 0:03:53]} 41... Rh8 {[%clk 0:25:45]} 42. d4 {[%clk 0:34:12]} 42... exd4+
{[%clk 0:19:55]} 43. Nxd4+ {[%clk 0:34:22]} 43... cxd4+ { [%clk 0:19:05]} 44.
Kxb4 {[%clk 0:34:46]} 44... Kd6 {[%clk 0:19:33]} 45. Rxa4 { [%clk 0:20:00]}
45... Rb8+ {[%clk 0:18:09]} 46. Ka3 {[%clk 0:20:09]} 46... Bxa4 {[%clk
0:18:22]} 47. Kxa4 {[%clk 0:19:57]} 47... Kc5 {[%clk 0:18:16]} 48. Ka3 { [%clk
0:18:49]} 48... d3 {[%clk 0:18:40]} 49. Kb2 {[%clk 0:16:57]} 49... Kd4 { [%clk
0:18:56]} 50. Rh2 {[%clk 0:13:52]} 50... Re8 {[%clk 0:18:41]} 51. Rh7 { [%clk
0:14:04]} 51... Re2+ {[%clk 0:18:38]} 52. Ka3 {[%clk 0:12:13]} 52... Kc3 {[%clk
0:15:37]} 53. Rxc7 {[%clk 0:12:37]} 53... Re8 {[%clk 0:15:57]} 54. Ka4 { [%clk
0:12:47]} 54... Rd8 {[%clk 0:14:22]} 55. Rh7 {[%clk 0:13:11]} 55... d2 { [%clk
0:14:47]} 56. Rh1 {[%clk 0:13:37]} 56... Re8 {[%clk 0:15:02]} 57. Rd1 { [%clk
0:13:02]} 57... Kc2 {[%clk 0:15:31]} 58. Rxd2+ {[%clk 0:13:22]} 58... Kxd2
{[%clk 0:16:00]} 59. c5 {[%clk 0:13:42]} 59... Ke3 {[%clk 0:16:23]} 60. b4
{[%clk 0:13:57]} 60... Kxf3 {[%clk 0:15:26]} 61. b5 {[%clk 0:13:59]} 61... Ke4
{[%clk 0:15:38]} 62. b6 {[%clk 0:14:15]} 62... Kd5 {[%clk 0:14:40]} 63. Kb5 {
[%clk 0:14:29]} 63... Re1 {[%clk 0:14:55]} 64. a4 {[%clk 0:14:04]} 64... Rb1+ {
[%clk 0:14:57]} 65. Ka6 {[%clk 0:14:29]} 65... Kxc5 {[%clk 0:11:38]} 66. a5 {
[%clk 0:14:45]} 66... Kc6 {[%clk 0:11:42]} 67. g4 {[%clk 0:13:49]} 67... f4 {
[%clk 0:11:18]} 68. b7 {[%clk 0:13:11]} 68... Kc7 {[%clk 0:11:42]} 69. b8=Q+ {
[%clk 0:13:29]} 69... Rxb8 {[%clk 0:12:06]} 70. Ka7 {[%clk 0:13:54]} 70... Rb1
{[%clk 0:11:15]} 71. a6 {[%clk 0:14:19]} 71... Ra1 {[%clk 0:11:36]} 72. Ka8 {
[%clk 0:14:45]} 72... Rxa6# 0-1

[Event "ODJM A 2019"]
[Site "Willingen GER"]
[Date "2019.06.11"]
[Round "4"]
[White "Teichert, Felix"]
[Black "Tscheuschner, Georg"]
[Result "1/2-1/2"]
[Termination "normal"]
[Board "11"]
[WhiteElo "2027"]
[BlackElo "2113"]
[WhiteClock "00:07:45"]
[BlackClock "00:06:21"]
[PlyCount "115"]
[WhiteFideId "12987670"]
[BlackFideId "12935549"]
[EventCountry "GER"]
[EventRounds "9"]
[EventType "swiss"]
[EventDate "2019.06.08"]

1. e4 {[%clk 1:30:54]} 1... c5 {[%clk 1:30:54]} 2. Ne2 {[%clk 1:31:17]} 2...
Nf6 {[%clk 1:29:30]} 3. Nbc3 {[%clk 1:31:38]} 3... d6 {[%clk 1:27:39]} 4. g3 {
[%clk 1:31:06]} 4... Nc6 {[%clk 1:27:03]} 5. Bg2 {[%clk 1:31:19]} 5... g6 {
[%clk 1:27:00]} 6. O-O {[%clk 1:28:34]} 6... Bg7 {[%clk 1:19:46]} 7. d3 { [%clk
1:26:30]} 7... Bg4 {[%clk 1:12:00]} 8. h3 {[%clk 1:24:59]} 8... Bd7 { [%clk
1:11:50]} 9. Nd5 {[%clk 1:23:08]} 9... Qc8 {[%clk 0:59:05]} 10. Kh2 { [%clk
1:15:00]} 10... h5 {[%clk 0:47:42]} 11. c3 {[%clk 1:08:23]} 11... e6 { [%clk
0:33:09]} 12. Nxf6+ {[%clk 1:07:17]} 12... Bxf6 {[%clk 0:33:37]} 13. d4 { [%clk
1:05:57]} 13... cxd4 {[%clk 0:31:46]} 14. cxd4 {[%clk 1:05:42]} 14... h4 {[%clk
0:26:03]} 15. g4 {[%clk 1:05:18]} 15... e5 {[%clk 0:25:52]} 16. d5 { [%clk
0:57:06]} 16... Nb4 {[%clk 0:21:28]} 17. Bd2 {[%clk 0:50:53]} 17... Nd3 { [%clk
0:21:12]} 18. Qb3 {[%clk 0:44:57]} 18... Nc5 {[%clk 0:20:41]} 19. Qf3 { [%clk
0:44:42]} 19... Be7 {[%clk 0:19:02]} 20. Rfc1 {[%clk 0:41:21]} 20... Qd8 {[%clk
0:19:23]} 21. Rc2 {[%clk 0:37:00]} 21... a5 {[%clk 0:18:47]} 22. b3 { [%clk
0:31:30]} 22... Bg5 {[%clk 0:18:28]} 23. Be3 {[%clk 0:29:30]} 23... Bxe3 {[%clk
0:14:52]} 24. Qxe3 {[%clk 0:29:55]} 24... Bb5 {[%clk 0:13:25]} 25. Nc3 { [%clk
0:26:06]} 25... Bd3 {[%clk 0:13:51]} 26. Rd2 {[%clk 0:26:09]} 26... Ba6 { [%clk
0:14:13]} 27. Bf1 {[%clk 0:25:52]} 27... O-O {[%clk 0:11:49]} 28. Bxa6 { [%clk
0:23:36]} 28... bxa6 {[%clk 0:12:07]} 29. Qh6 {[%clk 0:22:55]} 29... Qf6 {[%clk
0:12:12]} 30. Kg2 {[%clk 0:22:35]} 30... Rac8 {[%clk 0:12:08]} 31. Rc1 { [%clk
0:20:28]} 31... Qf4 {[%clk 0:12:04]} 32. Qxf4 {[%clk 0:20:03]} 32... exf4
{[%clk 0:12:33]} 33. Kf3 {[%clk 0:18:35]} 33... g5 {[%clk 0:12:30]} 34. Rcc2 {
[%clk 0:08:03]} 34... Kg7 {[%clk 0:07:21]} 35. Ne2 {[%clk 0:06:26]} 35... Nd3 {
[%clk 0:06:14]} 36. Rxd3 {[%clk 0:04:16]} 36... Rxc2 {[%clk 0:06:40]} 37. Nd4 {
[%clk 0:04:39]} 37... Rxa2 {[%clk 0:06:42]} 38. Nf5+ {[%clk 0:05:02]} 38... Kf6
{[%clk 0:06:15]} 39. Nxd6 {[%clk 0:04:54]} 39... Rb8 {[%clk 0:03:52]} 40. Nc4 {
[%clk 0:02:05]} 40... a4 {[%clk 0:03:27]} 41. e5+ {[%clk 0:27:26]} 41... Kg7 {
[%clk 0:20:25]} 42. bxa4 {[%clk 0:19:55]} 42... Rxa4 {[%clk 0:19:51]} 43. Nd6 {
[%clk 0:19:26]} 43... Rab4 {[%clk 0:18:58]} 44. Nf5+ {[%clk 0:18:50]} 44... Kf8
{[%clk 0:17:48]} 45. Nd4 {[%clk 0:19:16]} 45... Rc4 {[%clk 0:15:06]} 46. Nf5 {
[%clk 0:12:20]} 46... Rbc8 {[%clk 0:13:40]} 47. e6 {[%clk 0:09:35]} 47... fxe6
{[%clk 0:13:42]} 48. dxe6 {[%clk 0:10:01]} 48... Rc3 {[%clk 0:13:48]} 49. e7+ {
[%clk 0:10:07]} 49... Ke8 {[%clk 0:13:14]} 50. Nd6+ {[%clk 0:09:58]} 50... Kd7
{[%clk 0:12:58]} 51. e8=Q+ {[%clk 0:09:08]} 51... Rxe8 {[%clk 0:13:12]} 52.
Rxc3 {[%clk 0:09:12]} 52... Kxd6 {[%clk 0:13:37]} 53. Ra3 {[%clk 0:08:16]}
53... Rb8 {[%clk 0:05:27]} 54. Rxa6+ {[%clk 0:08:25]} 54... Ke5 {[%clk 0:05:32]
} 55. Ra5+ {[%clk 0:07:00]} 55... Kf6 {[%clk 0:05:56]} 56. Ra6+ {[%clk 0:07:18]
} 56... Ke5 {[%clk 0:06:21]} 57. Ra5+ {[%clk 0:07:45]} 57... Kf6 58. Ra6+
1/2-1/2

[Event "ODJM A 2019"]
[Site "Willingen GER"]
[Date "2019.06.11"]
[Round "4"]
[White "Stemmler, Fabian"]
[Black "Fistoul, Boris"]
[Result "0-1"]
[Termination "normal"]
[Board "12"]
[WhiteElo "2002"]
[BlackElo "1918"]
[WhiteClock "00:00:42"]
[BlackClock "00:22:08"]
[PlyCount "45"]
[WhiteFideId "12964808"]
[BlackFideId "12953962"]
[EventCountry "GER"]
[EventRounds "9"]
[EventType "swiss"]
[EventDate "2019.06.08"]

1. d4 {[%clk 1:30:57]} 1... b6 {[%clk 1:29:34]} 2. e4 {[%clk 1:30:14]} 2... Bb7
{[%clk 1:29:28]} 3. Nc3 {[%clk 1:29:28]} 3... e6 {[%clk 1:28:15]} 4. Bd3 {
[%clk 1:23:23]} 4... Nf6 {[%clk 1:25:23]} 5. Nge2 {[%clk 1:20:02]} 5... Be7 {
[%clk 1:24:07]} 6. O-O {[%clk 1:19:18]} 6... O-O {[%clk 1:23:25]} 7. Bf4 {
[%clk 1:13:32]} 7... d6 {[%clk 1:20:03]} 8. h3 {[%clk 1:09:56]} 8... Nbd7 {
[%clk 1:16:39]} 9. Bh2 {[%clk 1:00:35]} 9... Re8 {[%clk 1:09:31]} 10. e5 {
[%clk 0:43:50]} 10... dxe5 {[%clk 1:06:15]} 11. dxe5 {[%clk 0:44:15]} 11... Nd5
{[%clk 1:06:19]} 12. Nxd5 {[%clk 0:44:17]} 12... Bxd5 {[%clk 1:05:33]} 13. c4 {
[%clk 0:36:51]} 13... Bb7 {[%clk 1:03:32]} 14. Qc2 {[%clk 0:36:57]} 14... h6 {
[%clk 1:01:17]} 15. Rad1 {[%clk 0:37:08]} 15... c6 {[%clk 0:58:46]} 16. Nc3 {
[%clk 0:34:14]} 16... Qc7 {[%clk 0:56:44]} 17. f4 {[%clk 0:30:41]} 17... Rad8 {
[%clk 0:43:09]} 18. f5 {[%clk 0:18:11]} 18... Nxe5 {[%clk 0:36:10]} 19. Ne4 {
[%clk 0:11:43]} 19... exf5 {[%clk 0:32:00]} 20. Rxf5 {[%clk 0:11:49]} 20... f6
{[%clk 0:31:05]} 21. Rff1 {[%clk 0:08:07]} 21... c5 {[%clk 0:25:51]} 22. Qc3 {
[%clk 0:05:52]} 22... Rxd3 {[%clk 0:22:08]} 23. Bxe5 {[%clk 0:00:42]} 0-1

[Event "ODJM A 2019"]
[Site "Willingen GER"]
[Date "2019.06.11"]
[Round "4"]
[White "von Estorff, Jacob"]
[Black "Schlick, Stefan"]
[Result "1-0"]
[Termination "normal"]
[Board "14"]
[WhiteElo "2041"]
[BlackElo "2017"]
[WhiteClock "00:29:21"]
[BlackClock "00:01:16"]
[PlyCount "57"]
[WhiteFideId "12974501"]
[BlackFideId "16211332"]
[EventCountry "GER"]
[EventRounds "9"]
[EventType "swiss"]
[EventDate "2019.06.08"]

1. e4 {[%clk 1:30:55]} 1... e5 {[%clk 1:30:51]} 2. Nf3 {[%clk 1:30:55]} 2...
Nc6 {[%clk 1:30:51]} 3. d4 {[%clk 1:30:04]} 3... exd4 {[%clk 1:31:14]} 4. Nxd4
{[%clk 1:30:29]} 4... Nf6 {[%clk 1:31:08]} 5. Nxc6 {[%clk 1:28:42]} 5... bxc6 {
[%clk 1:31:24]} 6. Bd3 {[%clk 1:27:03]} 6... d5 {[%clk 1:30:25]} 7. e5 { [%clk
1:24:36]} 7... Nd7 {[%clk 1:15:25]} 8. O-O {[%clk 1:23:39]} 8... Nc5 { [%clk
1:14:11]} 9. f4 {[%clk 1:20:22]} 9... Nxd3 {[%clk 1:11:28]} 10. cxd3 { [%clk
1:19:10]} 10... g6 {[%clk 1:06:57]} 11. Qc2 {[%clk 1:11:36]} 11... c5 { [%clk
0:58:55]} 12. h3 {[%clk 1:04:52]} 12... h5 {[%clk 0:57:08]} 13. b4 { [%clk
0:58:42]} 13... cxb4 {[%clk 0:53:17]} 14. Qc6+ {[%clk 0:57:26]} 14... Bd7
{[%clk 0:39:19]} 15. Qxd5 {[%clk 0:57:34]} 15... Be6 {[%clk 0:39:15]} 16. Qc6+
{[%clk 0:57:50]} 16... Bd7 {[%clk 0:38:00]} 17. Qf3 {[%clk 0:57:43]} 17... Bc5+
{[%clk 0:28:22]} 18. Be3 {[%clk 0:57:53]} 18... Bxe3+ {[%clk 0:26:24]} 19. Qxe3
{[%clk 0:58:18]} 19... O-O {[%clk 0:21:56]} 20. Nd2 {[%clk 0:57:55]} 20... Bb5
{[%clk 0:16:08]} 21. Rf3 {[%clk 0:56:05]} 21... f5 {[%clk 0:14:06]} 22. exf6 {
[%clk 0:54:17]} 22... Qxf6 {[%clk 0:14:21]} 23. Rc1 {[%clk 0:43:36]} 23... Rfd8
{[%clk 0:13:34]} 24. Nc4 {[%clk 0:35:26]} 24... Bxc4 {[%clk 0:11:19]} 25. Rxc4
{[%clk 0:35:38]} 25... Re8 {[%clk 0:09:55]} 26. Qc5 {[%clk 0:34:40]} 26... Qb6
{[%clk 0:05:59]} 27. Rg3 {[%clk 0:29:07]} 27... Kf7 {[%clk 0:03:01]} 28. Qxb6 {
[%clk 0:28:58]} 28... axb6 {[%clk 0:01:16]} 29. Rxc7+ {[%clk 0:29:21]} 1-0

[Event "ODJM A 2019"]
[Site "Willingen GER"]
[Date "2019.06.11"]
[Round "4"]
[White "Recktenwald, Cedric"]
[Black "Parvanyan, Alfred"]
[Result "0-1"]
[Termination "normal"]
[Board "17"]
[WhiteElo "1839"]
[BlackElo "2066"]
[PlyCount "50"]
[WhiteFideId "12971928"]
[BlackFideId "13305832"]
[EventCountry "GER"]
[EventRounds "9"]
[EventType "swiss"]
[EventDate "2019.06.08"]

1. e4 c5 2. Nf3 Nc6 3. Bb5 g6 4. O-O Bg7 5. Re1 e5 6. c3 Nge7 7. d3 O-O 8. Be3
b6 9. d4 d6 10. a4 exd4 11. cxd4 Bg4 12. dxc5 dxc5 13. Nc3 Nd4 14. Be2 Bxf3 15.
Bxf3 Nec6 16. Nd5 Nxf3+ 17. Qxf3 Bxb2 18. Rad1 Bg7 19. Qg3 Nd4 20. f4 f5 21.
Nc3 fxe4 22. Bxd4 Bxd4+ 23. Kh1 Qf6 24. Nd5 Qf7 25. Qg5 Rfe8 0-1

[Event "ODJM A 2019"]
[Site "Willingen GER"]
[Date "2019.06.11"]
[Round "4"]
[White "Mainka, Alwin"]
[Black "Lohr, Maximilian"]
[Result "1/2-1/2"]
[Termination "normal"]
[Board "18"]
[WhiteElo "1833"]
[BlackElo "1981"]
[PlyCount "50"]
[WhiteFideId "16241177"]
[BlackFideId "12999717"]
[EventCountry "GER"]
[EventRounds "9"]
[EventType "swiss"]
[EventDate "2019.06.08"]

1. e4 c5 2. Nf3 d6 3. d4 cxd4 4. Nxd4 Nf6 5. Nc3 a6 6. g3 e5 7. Nde2 Be7 8. Bg5
Be6 9. Bxf6 Bxf6 10. Bg2 O-O 11. O-O Be7 12. Nd5 Nd7 13. Nec3 b5 14. a4 bxa4
15. Rxa4 Nc5 16. Ra1 Re8 17. Qe2 a5 18. Rfd1 Qb8 19. Qb5 Bxd5 20. Rxd5 Qxb5 21.
Nxb5 Reb8 22. Nxd6 Rxb2 23. Rxc5 Bxd6 24. Raxa5 Rxa5 25. Rxa5 Rxc2 1/2-1/2

[Event "ODJM A 2019"]
[Site "Willingen GER"]
[Date "2019.06.11"]
[Round "4"]
[White "Biermann, Lenhard"]
[Black "Reinecke, Katharina"]
[Result "1/2-1/2"]
[Termination "normal"]
[Board "19"]
[WhiteElo "2069"]
[BlackElo "1846"]
[PlyCount "93"]
[WhiteFideId "12970077"]
[BlackFideId "12929727"]
[EventCountry "GER"]
[EventRounds "9"]
[EventType "swiss"]
[EventDate "2019.06.08"]

1. d4 d5 2. c4 e6 3. Nf3 Nf6 4. g3 dxc4 5. Bg2 Bb4+ 6. Bd2 a5 7. O-O O-O 8. Qc2
Bxd2 9. Nbxd2 b5 10. a4 c6 11. b3 cxb3 12. Nxb3 Nd5 13. e4 Nb4 14. Qc3 Ba6 15.
axb5 Bxb5 16. Rfd1 Be2 17. Rd2 Bxf3 18. Bxf3 Qb6 19. Rb2 Rd8 20. Nxa5 Rxd4 21.
Ra4 c5 22. Qxd4 cxd4 23. Raxb4 Qd8 24. e5 Na6 25. Nc6 Qg5 26. Ra2 g6 27. Rxd4
Kg7 28. Rda4 Nb4 29. Rxa8 Nxc6 30. Bxc6 Qc1+ 31. Kg2 Qxc6+ 32. f3 Qd5 33. R8a5
Qd4 34. Re2 h5 35. Raa2 Qc4 36. Rac2 Qd3 37. Rcd2 Qc4 38. Re4 Qc3 39. Rde2 Qd3
40. Rb2 Qc3 41. Ree2 Qd3 42. Rbd2 Qc4 43. Re4 Qc3 44. Ra2 Qb3 45. Ree2 Qc4 46.
Rf2 Qd5 47. Rfe2 1/2-1/2

[Event "ODJM A 2019"]
[Site "Willingen GER"]
[Date "2019.06.11"]
[Round "4"]
[White "Weber, Jannis"]
[Black "Ronge, Tim"]
[Result "1-0"]
[Termination "normal"]
[Board "20"]
[WhiteElo "1889"]
[BlackElo "2143"]
[PlyCount "115"]
[WhiteFideId "12990760"]
[BlackFideId "12955418"]
[EventCountry "GER"]
[EventRounds "9"]
[EventType "swiss"]
[EventDate "2019.06.08"]

1. e4 c5 2. Nf3 Nc6 3. Bb5 g6 4. O-O Bg7 5. Re1 e5 6. Bxc6 dxc6 7. d3 Qe7 8. a3
a5 9. a4 Nf6 10. Na3 Qc7 11. Nc4 Nd7 12. b3 O-O 13. Bb2 Re8 14. Qd2 Nf8 15. h3
f6 16. c3 Ne6 17. d4 exd4 18. cxd4 cxd4 19. Nxd4 Ng5 20. e5 Bh6 21. exf6 Bxh3
22. Qc3 Bd7 23. Ne5 Rxe5 24. Qc4+ Rd5 25. Re7 Rf8 26. Nb5 Qd8 27. Nc3 Be6 28.
Nxd5 Bxd5 29. Qd4 Nf7 30. Rd1 Qb8 31. Qh4 Qf4 32. Qxf4 Bxf4 33. Rxb7 Be5 34.
Ba3 Bd6 35. Bxd6 Nxd6 36. Ra7 Rxf6 37. Rd3 Re6 38. Rxa5 Re1+ 39. Kh2 Re2 40.
Kg1 Ne4 41. f3 Nd2 42. b4 Nc4 43. Ra7 Ne5 44. Rd1 Rb2 45. Re1 Nf7 46. Rb7 Kg7
47. Ra1 c5 48. Rb5 Rxb4 49. Rxc5 Bb3 50. a5 Rb7 51. Rb1 Bd5 52. Rxb7 Bxb7 53.
Rc7 Ba6 54. Ra7 Bc4 55. Rc7 Ba6 56. Rc6 Bb7 57. Rb6 Bd5 58. a6 1-0

[Event "ODJM A 2019"]
[Site "Willingen GER"]
[Date "2019.06.11"]
[Round "4"]
[White "Meiwes, Thore"]
[Black "Wanner, Lukas"]
[Result "0-1"]
[Termination "normal"]
[Board "21"]
[WhiteElo "1933"]
[BlackElo "2099"]
[PlyCount "158"]
[WhiteFideId "16201256"]
[BlackFideId "12918148"]
[EventCountry "GER"]
[EventRounds "9"]
[EventType "swiss"]
[EventDate "2019.06.08"]

1. d4 Nf6 2. Bf4 g6 3. Nc3 d5 4. Qd2 Bg7 5. Bh6 O-O 6. Bxg7 Kxg7 7. O-O-O b6 8.
f3 Bb7 9. e3 c5 10. g4 e6 11. Nge2 cxd4 12. exd4 h5 13. gxh5 Nxh5 14. Ng3 Rh8
15. Nce2 Nxg3 16. Nxg3 Qh4 17. Kb1 Nc6 18. Bb5 Rac8 19. Qe3 Rh7 20. f4 Ne7 21.
c3 Qf6 22. Bd3 Rch8 23. Rd2 Rh4 24. Rf2 Bc8 25. Kc1 Bd7 26. a3 a5 27. Kd2 Nc8
28. Qe5 Rh3 29. Ne2 R3h5 30. Qxf6+ Kxf6 31. Ng1 Nd6 32. Nf3 Bb5 33. Bxb5 Nxb5
34. Ne5 Nd6 35. Kc2 Ne4 36. Rg2 Ke7 37. Kb3 Rh4 38. Ka4 Nd6 39. Rf2 Ne4 40. Rg2
Nd6 41. Rf2 R8h5 42. Nd3 Rh3 43. Ne5 R5h4 44. Rg2 Ke8 45. Rf2 Rh5 46. Rg2 R3h4
47. Rf2 Rf5 48. Rhf1 Kd8 49. b3 Ne4 50. Rc2 Rxh2 51. Rfc1 Rxc2 52. Rxc2 Rxf4
53. Kb5 Kc7 54. c4 Kb7 55. c5 bxc5 56. dxc5 Rf5 57. Nc6 a4 58. bxa4 Rf3 59. Nb4
Nc3+ 60. Ka5 d4 61. Rh2 Rf5 62. Nd3 e5 63. Rb2+ Kc7 64. Nb4 e4 65. Na6+ Kc6 66.
Rb6+ Kd5 67. Kb4 e3 68. c6 Rf6 69. Nc7+ Ke5 70. Ne8 Nd5+ 71. Kc5 Nxb6 72. Nxf6
Nc8 73. Ng4+ Ke4 74. Kc4 e2 75. Nf2+ Ke3 76. Nd3 Nd6+ 77. Kd5 Kxd3 78. Kxd6
e1=Q 79. c7 Qe6+ 0-1

[Event "ODJM A 2019"]
[Site "Willingen GER"]
[Date "2019.06.11"]
[Round "4"]
[White "Dette, Jan"]
[Black "Jurga, Jonas Vincent"]
[Result "1-0"]
[Termination "normal"]
[Board "23"]
[WhiteElo "2116"]
[BlackElo "1879"]
[PlyCount "64"]
[WhiteFideId "12936677"]
[BlackFideId "12968013"]
[EventCountry "GER"]
[EventRounds "9"]
[EventType "swiss"]
[EventDate "2019.06.08"]

1. e4 c5 2. c4 Nc6 3. g3 g6 4. Bg2 Bg7 5. Ne2 e6 6. Nbc3 Nge7 7. d3 d6 8. Be3
O-O 9. O-O Nd4 10. Rb1 Nec6 11. a3 Bd7 12. b4 Rb8 13. b5 Nxe2+ 14. Nxe2 Nd4 15.
Nxd4 cxd4 16. Bd2 e5 17. Bb4 Qc7 18. a4 b6 19. Qb3 Kh8 20. Qa3 Bg4 21. Bxd6 Qd7
22. Bxb8 Rxb8 23. a5 Bf8 24. Qa2 h5 25. axb6 axb6 26. h4 Bh3 27. Kh2 Bxg2 28.
Kxg2 f5 29. exf5 Qxf5 30. Qe2 Rc8 31. f4 e4 32. dxe4 Qc5 1-0

[Event "ODJM A 2019"]
[Site "Willingen GER"]
[Date "2019.06.11"]
[Round "4"]
[White "Brunner, Jan"]
[Black "Müller, Magnus"]
[Result "1-0"]
[Termination "normal"]
[Board "24"]
[WhiteElo "2046"]
[BlackElo "1837"]
[PlyCount "113"]
[WhiteFideId "12981010"]
[BlackFideId "16230060"]
[EventCountry "GER"]
[EventRounds "9"]
[EventType "swiss"]
[EventDate "2019.06.08"]

1. d4 Nf6 2. c4 e6 3. Nf3 d5 4. g3 Be7 5. Bg2 O-O 6. O-O dxc4 7. Ne5 Nc6 8.
Bxc6 bxc6 9. Nxc6 Qe8 10. Nxe7+ Qxe7 11. Qc2 e5 12. dxe5 Qxe5 13. Bf4 Qh5 14.
f3 Qc5+ 15. Kg2 Nd5 16. Bd2 Re8 17. e4 Nb6 18. Nc3 Be6 19. Rfe1 Rad8 20. Be3
Qa5 21. Rad1 Rd7 22. Bxb6 axb6 23. Rxd7 Bxd7 24. Qd2 Be6 25. Qd4 Qb4 26. Re2 h6
27. f4 b5 28. f5 c5 29. Qd2 Bc8 30. f6 Bg4 31. Rf2 Re6 32. fxg7 Kxg7 33. Qf4
Bh5 34. h4 Bg6 35. g4 f6 36. Qc7+ Kg8 37. Re2 Bf7 38. Qd8+ Kg7 39. Nd5 Qa4 40.
Ne7 Rxe7 41. Qxe7 Qd1 42. Re3 Qd2+ 43. Kf3 Qd1+ 44. Kf4 Qf1+ 45. Rf3 Qc1+ 46.
Kf5 Qxb2 47. Qxc5 Qd2 48. Qe7 c3 49. Qxf6+ Kg8 50. Rxc3 Qd7+ 51. Kf4 Qd2+ 52.
Re3 Qh2+ 53. Kf3 Qh1+ 54. Kf2 Qh2+ 55. Ke1 Qg1+ 56. Kd2 Qh2+ 57. Re2 1-0

[Event "ODJM A 2019"]
[Site "Willingen GER"]
[Date "2019.06.11"]
[Round "4"]
[White "Brockmeyer, Tobias"]
[Black "Gorainow, Nikita"]
[Result "0-1"]
[Termination "normal"]
[Board "25"]
[WhiteElo "1896"]
[BlackElo "1923"]
[PlyCount "100"]
[WhiteFideId "12982385"]
[BlackFideId "12970093"]
[EventCountry "GER"]
[EventRounds "9"]
[EventType "swiss"]
[EventDate "2019.06.08"]

1. d4 Nf6 2. c4 g6 3. f3 d5 4. cxd5 Nxd5 5. e4 Nb6 6. Nc3 Bg7 7. Be3 O-O 8. Qd2
e5 9. d5 c6 10. O-O-O cxd5 11. exd5 Na6 12. h4 h5 13. g4 hxg4 14. h5 Bf5 15.
Bh6 Bf6 16. hxg6 fxg6 17. Bd3 g3 18. Qg2 Bg5+ 19. Bxg5 Qxg5+ 20. Kb1 Nc5 21.
Ne4 Nxd3 22. Rxd3 Bxe4 23. fxe4 Rf2 24. Qh3 Rh2 25. Rxh2 gxh2 26. Qxh2 Rf8 27.
Nf3 Qg4 28. Nxe5 Qxe4 29. Qg3 Nxd5 30. Qxg6+ Qxg6 31. Nxg6 Rf1+ 32. Kc2 Nb4+
33. Kc3 Nxd3 34. Kxd3 Rf2 35. Kc3 Kf7 36. Ne5+ Ke6 37. Nd3 Rf3 38. Kd4 Kd6 39.
Kc4 Rf1 40. Kd4 Rd1 41. Kc4 b5+ 42. Kd4 a5 43. a3 Rd2 44. Kc3 Rh2 45. Kd4 Rc2
46. Ke4 Rc4+ 47. Ke3 Kd5 48. Nf2 Rc2 49. Nd3 Kc4 50. b4 Rc3 0-1